Entry Nombre personal
001 - NÚMERO DE CONTROL
- campo de control: 40170
003 - IDENTIFICADOR DE NÚMERO DE CONTROL
- campo de control: OSt
005 - FECHA Y HORA DE LA ÚLTIMA TRANSACCIÓN
- campo de control: 20251001203259.0
008 - ELEMENTOS DE DATO DE LONGITUD-FIJA
- campo de control de longitud fija: 030205 n acnnnaaan n ann d
040 ## - FUENTE DE CATALOGACIÓN
- Centro catalogador/agencia de origen: OSt
- Centro/agencia transcriptor: OSt
100 1# - ENCABEZAMIENTO-NOMBRE DE PERSONA
- Nombre de persona: Congar, Yves,
- Fechas asociadas al nombre: 1904-1995
400 1# - TRAZADO DE VÉASE--NOMBRE DE PERSONA
- Nombre de persona: Congar, Y. M.
400 00 - TRAZADO DE VÉASE--NOMBRE DE PERSONA
- Nombre de persona: Congar, Yves María
400 00 - TRAZADO DE VÉASE--NOMBRE DE PERSONA
- Nombre de persona: Congar, Yves Marie Joseph
400 00 - TRAZADO DE VÉASE--NOMBRE DE PERSONA
- Nombre de persona: Congar, Ives-Marie Jospeh
400 00 - TRAZADO DE VÉASE--NOMBRE DE PERSONA
- Nombre de persona: Congar, Y. M. J.
400 00 - TRAZADO DE VÉASE--NOMBRE DE PERSONA
- Nombre de persona: Congar, Yves M.-J.
400 00 - TRAZADO DE VÉASE--NOMBRE DE PERSONA
- Nombre de persona: Congar, Yves Marie
400 00 - TRAZADO DE VÉASE--NOMBRE DE PERSONA
- Nombre de persona: Congar, Yves Marie-Joseph
400 00 - TRAZADO DE VÉASE--NOMBRE DE PERSONA
- Nombre de persona: Congar, Yves-Marie Joseph
400 00 - TRAZADO DE VÉASE--NOMBRE DE PERSONA
- Nombre de persona: Congar, Ives Mª
